|
|
|
|
| LEADER |
00724cam a2200205 7i4500 |
| 001 |
0000019982 |
| 005 |
20120116090000.0 |
| 020 |
|
|
|a 9833283705 (pbk.)
|
| 020 |
|
|
|a 9789833283705
|
| 090 |
0 |
0 |
|a HF5381
|b .A44 2006
|
| 100 |
0 |
|
|a Amin Hazya
|
| 245 |
1 |
0 |
|a Cara mudah menguasai kemahiran temu duga :
|b tingkatkan peluang anda untuk mendapatkan pekerjaan
|c Amin Hazya.
|
| 260 |
|
|
|a Cheras, Selangor:
|b Perintis Books,
|c 2006.
|
| 300 |
|
|
|a 112 p.:
|b ill.;
|c 18 cm.
|
| 490 |
0 |
|
|a Siri kerjaya perintis
|
| 650 |
0 |
0 |
|a Applications for positions
|
| 650 |
0 |
0 |
|a Employment interviewing
|
| 650 |
0 |
0 |
|a Job hunting
|
| 999 |
|
|
|a 0000029652
|b BOK
|c OPEN SHELF
|e 1st Floor, Bestari Jaya
|
| 999 |
|
|
|a 0000050297
|b BOK
|c OPEN SHELF
|e 1st Floor, Shah Alam
|